000 00435nmm a2200157Ia 4500
008 251105s9999||||xx |||||||||||||||||und||
041 _aspa
100 _aBarker, Clive
245 0 _aLibros de sangre I
264 _a[Madrid, España] :
_bLa Factoría de Ideas,
_c2007
300 _a0 páginas
490 _aEclipse
650 _aScience fiction & Fantasy
856 _uhttps://public.digitaliapublishing.com/a/25434
942 _cCF
999 _c99052
_d99052